Statistics for FabvL's 2021 Songs

Click here to take the quiz!

General Stats

  • This quiz has been taken 17 times
  • The average score is 17 of 25

Answer Stats

Inspired BySongFeature% Correct
Alucard from Hellsing UltimateAddictCam Steady (VGRB)
100%
Zoro from One Piece3 BladesPE$O PETE & Rustage
83%
Inosuke from Demon SlayerDemon to a GhxstCam Steady (VGRB)
83%
Rengoku from Demon SlayerHeart AblazeNone
83%
Todoroki from My Hero AcademiaIce ColdKhantrast & DizzyEight
83%
Invincible from InvincibleInvincibleNone
83%
Gon from Hunter x HunterLook to the MoonNone
83%
Todo from Jujustu KaisenRun It BackBlackLynk & Ham Sandwich
83%
Yuji from Jujustu KaisenThe EnemyNone
83%
Lelouch from Code GeassViolence & PainNone
83%
Sakuna from Jujustu KaisenWXRSTNone
83%
OriginalCrazyPE$O PETE
67%
Goku Black from Dragon BallFeel Like GokuShwabadi
67%
Meruem from Hunter x HunterNo NameNone
67%
Red Hood from DC ComicsOld NewsPE$O PETE & DizzyEight
67%
Bakugou from My Hero AcademiaREBEL!Daddyphatsnaps
67%
Naruto from NarutoUnder My SkinNone
67%
Sasuke from NarutoAfraid Of MyselfDizzyEight
50%
OriginalAloneNone
50%
OriginalHighway to HellNone
50%
Gojo from Jujustu KaisenI PromisePE$O PETE
50%
Arcane: League Of LegendsLong Road HomeNone
50%
Ichigo from BleachMemoryNone
50%
OriginalPalace in the SkyNone
50%
OriginalCome AroundNone
33%

Score Distribution

Percentile by Number Answered

Percent of People with Each Score

Your Score History

You have not taken this quiz